Statistics for Top 10 Most Religious U.S. States

Click here to take the quiz!

General Stats

  • This quiz has been taken 15,268 times
    (14,492 since last reset)
  • The average score is 7 of 10

Answer Stats

%State% Correct
90Alabama
89%
86Texas
89%
89Mississippi
82%
90Louisiana
70%
86Arkansas
69%
89Tennessee
69%
86Kentucky
66%
85South Carolina
65%
87Oklahoma
58%
86West Virginia
45%

Score Distribution

Percentile by Number Answered

Percent of People with Each Score

Your Score History

You have not taken this quiz since the last reset